Design Issues

Бібліографічні деталі
Формат: Електронний ресурс Журнал
Мова:English
Опубліковано: MIT Press
Онлайн доступ:Full text available on EBSCOhost[Mar 1997-]
Off-campus access
LEADER 00903cas a2200181 a 4500
001 AALejournalEBSCOASP000607
008 230101c9999 xx r poo 0 0eng d
022 |a 0747-9360 
040 |a BD-DhAAL  |c BD-DhAAL 
245 0 0 |h [electronic resource]  |a Design Issues 
260 |b MIT Press 
300 |a 1 online resource 
500 |a <strong>Off-Campus Access:</strong> Athens ID and Password Required 
500 |a <strong>On-Campus Access:</strong> No User ID or Password Required 
506 |a Electronic access restricted to authorized BRAC University faculty, staff and students 
538 |a Mode of access: Internet 
856 4 0 |z Full text available on EBSCOhost[Mar 1997-]  |u https://search.ebscohost.com/direct.asp?db=aph&jid=DIU&scope=site 
856 4 0 |z Off-campus access  |u https://go.openathens.net/redirector/bracu.ac.bd?url=https%3A%2F%2Fsearch.ebscohost.com%2Fdirect.asp%3Fdb%3Daph%26jid%3DDIU%26scope%3Dsite